| 000 | 00398nam a2200145 a 4500 | ||
|---|---|---|---|
| 001 | 1546 | ||
| 003 | CDMR | ||
| 005 | 20130318101716.0 | ||
| 008 | 130130s1991||||||||||||||||||||||||||||d | ||
| 040 |
_aCDMR _bcat _cCPC LLEIDA |
||
| 100 | 1 |
_aReimat, Emili _91159 |
|
| 245 | 1 | 0 |
_aHistòria del TOAR, 1956-1981 _cREIMAT, Emili, CASTELLS, Enric |
| 260 |
_aLleida _c1991 _bAjuntament de Lleida |
||
| 942 |
_cMON _2udc |
||
| 999 |
_c1546 _d1546 |
||